00413nam a2200121Ia 4500008004100000040001600041041001200057082001700069100002600086245012800112260003300240300001800273230917s9999||||xx |||||||||||||| ||und|| e78966aMAIN aEnglish a363.325 S41G aSehgal, B P Singh, ed 0aGlobal terrorism: socio-politico and legal dimensions:Genesis of terrorism:Terrorism and human rights:Terrorism and the law aNew DelhibDeep & Deepc1995 axviii, 380 p.